000 00522cam a2200181 i 4500
005 20260217101014.0
008 250721s2003 ua gr 000 0 ara d
020 _a9772157152
082 1 4 _a411.1
_bب ش ر
100 1 _aبشر، كمال
245 1 0 _aفن الكلام /
_cدكتور كمال بشر.
264 3 1 _aالقاهرة :
_bدار غريب،
_c2003.
300 _a463صفحة.
650 1 7 _aاللغة العربية.
650 1 7 _aالأصوات.
942 _2ddc
_cBK
999 _c96288
_d96288